TB. OF COMMUNITY HEALTH NURSING FOR B. SC NURSING -2 (Record no. 21934)

MARC details
000 -LEADER
fixed length control field 00368nam a22001457a 4500
003 - CONTROL NUMBER IDENTIFIER
control field SGT
020 ## - INTERNATIONAL STANDARD BOOK NUMBER
International Standard Book Number 9789386827227
082 ## - DEWEY DECIMAL CLASSIFICATION NUMBER
Classification number 610.734
Item number C20M
100 ## - MAIN ENTRY--PERSONAL NAME
Personal name MANIVANNIN, SHYAMALA
245 ## - TITLE STATEMENT
Title TB. OF COMMUNITY HEALTH NURSING FOR B. SC NURSING -2
260 ## - PUBLICATION, DISTRIBUTION, ETC. (IMPRINT)
Place of publication, distribution, etc INDIA
Name of publisher, distributor, etc CBS PUB
Year of Publication 2020
300 ## - PAGE DESCRIPTION
No. of Pages 294
650 ## - SUBJECT ADDED ENTRY--TOPICAL TERM
Topical term or geographic name as entry element COMMUNITY HEALTH NURSING
942 ## - ADDED ENTRY ELEMENTS (KOHA)
Source of classification or shelving scheme Dewey Decimal Classification
Koha item type Books
942 ## - ADDED ENTRY ELEMENTS (KOHA)
-- 281
Holdings
Withdrawn status Lost status Source of classification or shelving scheme Damaged status Not for loan Collection code Home library Current library Shelving location Date acquired Vendor Name Cost, normal purchase price SGTU Bill Number Total Checkouts Full call number Accession No. (Barcode) Date last seen Date last borrowed Bill Date Koha item type Total Renewals
    Dewey Decimal Classification     NURSING SGT Medical Library SGT Medical Library Text Book 09/10/2021 ABC DELHI 450.00 SGTU 13308 58 610.734 2020 FN4452 07/01/2026 22/12/2025   Books  
    Dewey Decimal Classification     NURSING SGT Medical Library SGT Medical Library Text Book 09/10/2021 ABC DELHI 450.00 SGTU 13308 75 610.734 2020 FN4453 04/11/2025 24/10/2025   Books  
    Dewey Decimal Classification     NURSING SGT Medical Library SGT Medical Library Text Book 09/10/2021 ABC DELHI 450.00 SGTU 13308 52 610.734 2020 FN4454 07/01/2026 22/12/2025   Books  
    Dewey Decimal Classification     NURSING SGT Medical Library SGT Medical Library Text Book 09/10/2021 ABC DELHI 450.00 SGTU 13308 58 610.734 2020 FN4455 25/08/2025 25/08/2025   Books 1
    Dewey Decimal Classification     NURSING SGT Medical Library SGT Medical Library Text Book 09/10/2021 ABC DELHI 450.00 SGTU 13308 66 610.734 2020 FN4456 05/05/2026 27/04/2026   Books 3